000 00610nam a2200217 4500
003 OSt
005 20240715021411.0
006 a
008 240715b |||||||| |||| 00| 0 eng d
020 _a9715010997
040 _aDWCL-Main lib.
_cOC
082 _aFil. 225 C484h 1997
100 _aCharpentier, Etienne
245 _aHow to read the new testament /
260 _aQuezon City :
_bClaretian Pub.,
_cc1997.
300 _b128 p. : ill. ;
_c23 cm.
504 _aIncludes index.
650 _a1. Bible. N. T.-Textbooks.
650 _a2. Bible. N. T.-Introductions.
942 _2ddc
_n0
_cBK - FIL
_kFil.
999 _c2155
_d2155